| 000 | 00479nam a22001817a 4500 | ||
|---|---|---|---|
| 005 | 20251108175722.0 | ||
| 008 | 250721s2019 xx 000 0 eng d | ||
| 082 | 1 | 4 | _aJ/F/MY |
| 245 | 1 | 0 | _aMy brothers and sisters / |
| 250 | _aالاولى | ||
| 264 | 1 |
_aLebanon : _bHOME APPLIED TRAINING, _c2019. |
|
| 300 | _a16 P | ||
| 490 | 0 | _aMy family | |
| 650 | 1 | 7 | _aficition |
| 653 | _aاطفال ملرحلة متوسطة (6-9)سنوات | ||
| 942 |
_2ddc _cBK |
||
| 999 |
_c140777 _d140777 |
||